000 00303nam a2200145Ia 4500
100 _aGrafham/D.R/ Golder/F.B
250 _a6
942 _cBK
654 _aSCR
245 _aSCR Manual
260 _bprentice hall
_aNew Jersey
_c1979
082 _a621.3817
_bGRA
300 _a631
546 _aENGLISH
999 _c25864
_d25864